000 00608nam a2200193Ia 4500
003 GCL
008 140319s9999 xx 000 0 ara d
040 _aGCL /
_cGCL
082 0 4 _a816
_bع ن
100 1 _aعبدالسلام محمد هارون
245 1 0 _aنوادر المخطوطات /
_cعبدالسلام محمد هارون
250 _aالثانية
260 _aالقاهرة :
_bالمؤلف ،
_c1973
300 _a2 مج ؛
_c24 سم
650 0 4 _aالادب العربى
650 0 4 _aالرسائل العربية
650 0 4 _aالمخطوطات العربية
942 _2ddc
_cBK
999 _c38697
_d38697